Gaming Quiz

Random Gaming or Nintendo Quiz

Real or Fake - Splatoon Weapons Quiz Stats

 Plays Quiz not verified by Sporcle

Score 0/100 Timer 10:00
0 Plays Today
Weapon Answer % Correct
Bloblobber???
63.5%
E-liter 4K???
62.9%
N-ZAP '89???
62.4%
Sloshing Machine???
61.2%
L-3 Nozzlenose D???
60.7%
Carbon Roller???
60.7%
Flingza Roller???
60.7%
New Squiffer???
60.7%
Tri-Slosher Nouveau???
60.1%
Mini Splatling???
60.1%
Dapple Dualies???
60.1%
Hero Dualie Replicas???
60.1%
Hero Brella Replica???
60.1%
Hero Roller Replica???
59.6%
Explosher???
59.6%
Octobrush???
59%
Hero Slosher Replica???
59%
Tri-Slosher???
59%
Silver Sloshing Machine???
59%
Hydra Splatling???
58.4%
Dualie Squelchers???
58.4%
Firefin Splatterscope???
57.9%
Dark Tetra Dualies???
57.9%
Light Tetra Dualies???
57.9%
Sorella Brella???
57.9%
Ghost Splatling???
57.9%
Hero Splatling Replica???
57.3%
Splat Brella???
57.3%
Tenta Brella???
57.3%
Clown Can???
57.3%
Gold Dynamo Roller???
56.7%
Peachy Splat Brella???
56.7%
Goo Tuber???
56.2%
Kelp Splat Charger???
56.2%
Weapon Answer % Correct
Nautilus 47???
56.2%
Glooga Dualies???
56.2%
Royal Slosher???
55.6%
Luna Dualies???
55.6%
Bamboozler 14 Mk I???
55.1%
E-liter 3K Scope???
55.1%
Power Splatling???
55.1%
Umbra Splat Dualies???
55.1%
Aerospray PG???
54.5%
Clash Blaster Neo???
54.5%
Tenta Sorella Brella???
54.5%
Roader Splatling???
54.5%
Squeezer???
53.9%
Heavy Splatling Remix???
53.9%
Master Brush???
53.9%
Splattergust???
53.9%
Dualie Zappers???
53.9%
Para-Brella???
53.9%
Berry Splattershot Pro???
53.4%
CoroCoro Splat Roller???
53.4%
Enperry Splat Dualies???
53.4%
Undercover Brella???
53.4%
Splattershot EX???
53.4%
Sushi Slosher???
53.4%
Missile Splatling???
53.4%
Cross Dualies???
53.4%
Stamp Blaster???
52.8%
Shadow Inkbrush???
52.8%
Flower Inkbrush???
52.8%
Jelly Roller???
52.8%
Ballpoint Splatling???
52.2%
Refurbished Mini Splatling???
52.2%
Fluddulator???
52.2%
Smash Blaster???
52.2%
Weapon Answer % Correct
Turtle Brella???
52.2%
L-3 Nozzlator???
51.7%
Wail Blaster Remix???
51.7%
Ink Railer???
51.7%
Inferno Charger???
51.7%
Slosher DS???
51.7%
Double Splatling???
51.7%
Jet Brella???
51.7%
Switch Brella???
51.7%
W-ZAP '07???
51.1%
Splatterscope Draco???
51.1%
Rain Disher???
51.1%
Wasabi Splattershot???
50.6%
Retro Splatling???
50.6%
Angel Dualies???
50.6%
Soda Slosher???
50%
Dark Splat Charger???
50%
N-SCOPE '92???
50%
Splatterscope DX???
49.4%
Octo Dualies???
49.4%
Stealth Dualies???
49.4%
Samurai Roller???
48.9%
Gyro Scope???
48.9%
Grim Range Blaster???
48.3%
Permanent Inkbrush???
48.3%
Sploosh-o-matic 7???
47.8%
Light Sorella Brella???
47.2%
Turbo Roller???
46.6%
Splat Roller Pro???
46.6%
Heavy-Duty Brella???
45.5%
Neo Slosher???
42.1%
Splat Charger Nouveau???
37.6%

You're not logged in!

Compare scores with friends on all Sporcle quizzes.
OR
Log In

Show Comments

Extras

Top Quizzes Today


Score Distribution

Your Account Isn't Verified!

In order to create a playlist on Sporcle, you need to verify the email address you used during registration. Go to your Sporcle Settings to finish the process.

Report this User

Report this user for behavior that violates our Community Guidelines.

Details: